| 000 -LEADER |
| fixed length control field |
01090pam a2200301 a 4500 |
| 001 - CONTROL NUMBER |
| control field |
3431094 |
| 005 - DATE AND TIME OF LATEST TRANSACTION |
| control field |
20190604203208.0 |
| 008 - FIXED-LENGTH DATA ELEMENTS--GENERAL INFORMATION |
| fixed length control field |
910326s1992 ilua b 001 0 eng |
| 010 ## - LIBRARY OF CONGRESS CONTROL NUMBER |
| LC control number |
91003406 |
| 020 ## - INTERNATIONAL STANDARD BOOK NUMBER |
| International Standard Book Number |
0256089167 |
| 040 ## - CATALOGING SOURCE |
| Original cataloging agency |
DLC |
| Transcribing agency |
DLC |
| Modifying agency |
DLC |
| 050 00 - LIBRARY OF CONGRESS CALL NUMBER |
| Classification number |
HF5635 |
| Item number |
.H54 1992 |
| 082 00 - DEWEY DECIMAL CLASSIFICATION NUMBER |
| Classification number |
657 A-18 |
| Edition number |
20 |
| 100 1# - MAIN ENTRY--PERSONAL NAME |
| Personal name |
Hermanson, Roger H. |
| 9 (RLIN) |
2079 |
| 245 10 - TITLE STATEMENT |
| Title |
Accounting principles / |
| Statement of responsibility, etc. |
Roger H. Hermanson, James Don Edwards, Michael W. Maher. |
| 250 ## - EDITION STATEMENT |
| Edition statement |
5th ed. |
| 260 ## - PUBLICATION, DISTRIBUTION, ETC. |
| Place of publication, distribution, etc. |
Homewood, IL : |
| Name of publisher, distributor, etc. |
Irwin, |
| Date of publication, distribution, etc. |
c1992. |
| 300 ## - PHYSICAL DESCRIPTION |
| Extent |
1 v. (various pagings) : |
| Other physical details |
col. ill. ; |
| Dimensions |
28 cm. |
| 504 ## - BIBLIOGRAPHY, ETC. NOTE |
| Bibliography, etc. note |
Includes bibliographical references and index. |
| 650 #0 - SUBJECT ADDED ENTRY--TOPICAL TERM |
| Topical term or geographic name entry element |
Accounting. |
| 9 (RLIN) |
2071 |
| 653 ## - INDEX TERM--UNCONTROLLED |
| keyword |
საბუღალტრო პრინციპები |
| 653 ## - INDEX TERM--UNCONTROLLED |
| keyword |
ბუღალტერია |
| 700 1# - ADDED ENTRY--PERSONAL NAME |
| Personal name |
Edwards, James Don. |
| 9 (RLIN) |
2080 |
| 700 1# - ADDED ENTRY--PERSONAL NAME |
| Personal name |
Maher, Michael, |
| Dates associated with a name |
1946- |
| 9 (RLIN) |
2081 |
| 906 ## - LOCAL DATA ELEMENT F, LDF (RLIN) |
| a |
7 |
| b |
cbc |
| c |
orignew |
| d |
1 |
| e |
ocip |
| f |
19 |
| g |
y-gencatlg |
| 942 ## - ADDED ENTRY ELEMENTS (KOHA) |
| Source of classification or shelving scheme |
|
| Koha item type |
წიგნი |